000 00730cam a2200253 4500
008 090401t1996 xxu||||| |||| 00| 0 eng d
020 _a086017459X
035 _a(Sirsi) u77651
041 _aeng
050 _a624.154
100 _aMartin, W.S.
245 _aSite guidance to foundation construction : a handbook for young professionals.
260 _aLondon
_bCIRIA
_c1996
300 _av,128p. : ill. ; 30cm.
350 _a27
490 _aCIRIA Special Publication
_v136
650 _aHEALTH AND SAFETY
_96244
650 _aPILING
650 _aSITE MANAGEMENT
690 _aBUILT ENVIRONMENT
710 _aConstruction Industry Research and Information Association
_94810
942 _n0
948 _c08/04/1997
999 _c96340
_d96340